=LDR 00000nam 2200000 4500 =001 INLIS000000000031341 =005 20130612133423 =008 ***********************************ind** =035 ##$$a0010-061300000031341 =041 ##$$a ind =082 ##$$a 618. 4 =090 ##$$a 618. 4 , Uji a =100 ##$$a Ujiningtyas,B.Sri Hari =245 ##$$a Asuhan keperawatan persalinan normal, B.Sri Hari Ujiningtyas =260 ##$$a 2009 $b Jakarta =300 ##$$a vi, 80 hlm. 77 -78 =650 ##$$a PERSALINAN =850 ##$$a NBPNMAT =990 ##$$a 0001/BPAP-NTB/20142014 =990 ##$$a 0001/BPAP-NTB/20142014